George Dandin veya bir koca nasıl rezil edilir? / / (Record no. 13171)

MARC details
000 -BAŞLIK
Sabit Uzunlukta Kontrol Alanı 00913nam a22002297a 4500
999 ## - SİSTEM KONTROL NUMARALARI (KOHA)
Koha Biblionumber 13171
Koha Biblioitemnumber 13171
003 - KONTROL NUMARASI IDENTIFIER
Denetim Alanı MIRAKIL
005 - SON İŞLEM TARİHİ VE ZAMANI
Denetim Alanı 20190418121309.0
008 - SABİT-BOY VERİ ELEMANLARI - GENEL BİLGİLER
Sabit Uzunlukta Kontrol Alanı 190418b tu ||||| |||| 00| 0 tur d
020 ## - ULUSLARARASI STANDART KİTAP NUMARASI
Uluslararası Standart Kitap Numarası 9786053602903
040 ## - KATALOGLAMA KAYNAK
Orijinal Kataloglama Ajansı TR-AnCHP
Metne Dönüştürmek Ajansı TR-AnCHP
041 ## - DİL KODU
Metin / Ses Parça Veya Ayrı Başlığın Dil Kodu tur
082 ## - DEWEY ONLU SINIFLANDIRMA NUMARASI
Sınıflandırma Numarası 843.7
Ürün Numarası M64g 2011
100 ## - ANA GİRİŞ - KİŞİSEL İSİM
Kişisel Ad Molière, Jean Baptiste Poquelin
Bir Adıyla İlişkilendirilen Tarihler 1622-1673
245 10 - BAŞLIK TABLOSU
Başlık George Dandin veya bir koca nasıl rezil edilir? / /
Sorumluluk Tablosu, Vb Jean Baptiste Poquelin Moliere, ; Fransızca aslından çeviren: Sema Kuray
260 ## - YAYIN, DAĞITIM, VB
Yayın, Dağıtım, Vb Yeri İstanbul :
Yayıncı, Dağıtıcı, Vs Adı Türkiye İş Bankası Kültür Yayınları,
Yayın, Dağıtım, Vb Tarihi 2011.
300 ## - FİZİKSEL TANIM
Kapsam 78 s. ;
Boyutlar 22 sm.
490 0# - SERİSİ TABLOSU
Seri Beyanı Türkiye İş Bankası Kültür Yayınları ;
-- Hasan Âli Yücel klasikler dizisi ;
Hacim / Ardışık Tanımı Genel yayın : 2266.
Uluslararası Standart Süreli Yayın Numarası 154.
500 ## - GENEL NOT
Genel Not Özgün yapıtadı: George Dandın ou le marı confondu.
650 #0 - KONU KATMA GİRİŞ - TOPİKAL DÖNEM
9 (RLIN) 5051
Topikal Süreli Veya Coğrafi Ad Giriş Elemanı Fransız Edebiyatı
Genel Alt Bölümü tiyatro
700 ## - KATMA GİRİŞ - KİŞİSEL İSİM
9 (RLIN) 5636
Kişisel Ad Kuray, Sema
Relator Terim çev.
942 ## - EKLENDİ GİRİŞ ELEMANLARI (KOHA)
Sınıflandırma Veya Raf Düzeni Kaynak Dewey Decimal Classification
Koha Öğesi Türü Books
Holdings
Kalıcı Konum Mevcut Konum Edinme Tarihi Toplam Check-Out'Lar Tam Çağrı Numarası Barkod Tarih Son Görülme İtibaren Geçerli Fiyatlar Koha Öğesi Türü
CHP Kütüphanesi CHP Kütüphanesi 04/18/2019   843.7 M64g 2011 012406 04/18/2019 04/18/2019 Books